| 000 | 01016nmm a2200301 a 4500 | ||
|---|---|---|---|
| 001 | ocm0001132605 | ||
| 003 | TR-IsHL | ||
| 005 | 20201028152250.0 | ||
| 008 | 150709s2015 tu tur | ||
| 007 | cr cn | ||
| 020 | _a9786054941148 | ||
| 035 |
_a1132605 _b(N$T) |
||
| 050 | 0 | 4 |
_aPL240 _b.S873 2015 |
| 090 | 0 | 4 |
_aPL240 _b.S873 2015 |
| 245 | 1 | 0 |
_aStrategos: geleceği şekilendir _h[electronic resource] / _cHayati Çağlar, Mehmet Tanyolaç, Pelin Kasım Özdamar, Pelin Kozluca |
| 260 |
_aİstanbul : _bToplumsal Dönüşüm Yayınları, _c2015 |
||
| 300 | _a257 p. | ||
| 650 | 4 | _aDil ve Edebiyat | |
| 650 | 4 | _aLanguage and Literature | |
| 650 | 0 | _aTürk romanı | |
| 650 | 0 | _aTurkish fiction | |
| 650 | 7 |
_aLITERARY COLLECTIONS / Middle Eastern _2bisacsh |
|
| 700 | 1 | _aÇağlar, Hayati | |
| 700 | 1 | _aTanyolaç, Mehmet | |
| 700 | 1 | _aÖzdamar, Pelin Kasım | |
| 700 | 1 | _aKozluca, Pelin | |
| 856 | 4 | 0 | _uhttp://search.ebscohost.com/login.aspx?direct=true&scope=site&db=e011xww&AN=1132605 |
| 999 |
_c11438 _d11438 |
||